| 000 | 00353cam a22001217a 4500 | ||
|---|---|---|---|
| 008 | 180718b1988 xxu||||| |||| 00| 0 eng d | ||
| 082 | _aT16x54 P884 | ||
| 100 | _aPrakash, Daman | ||
| 245 |
_aCooperative democracy vis-a-vis members, education _cby Daman Prakash |
||
| 260 |
_aDelhi _bCoop Times _c1988 |
||
| 300 | _a172p. | ||
| 650 | _aCooperative-Democracy | ||
| 999 |
_c435119 _d435119 |
||